Drawing and reinventing landscape (Record no. 6754)
[ view plain ]
| 000 -LEADER | |
|---|---|
| fixed length control field | 00315nam a2200133Ia 4500 |
| 008 - FIXED-LENGTH DATA ELEMENTS--GENERAL INFORMATION | |
| fixed length control field | 200302s9999 xx 000 0 und d |
| 082 ## - DEWEY DECIMAL CLASSIFICATION NUMBER | |
| Classification number | 712 |
| Item number | NYS |
| 100 ## - MAIN ENTRY--PERSONAL NAME | |
| Personal name | Diana Balmori |
| 245 ## - TITLE STATEMENT | |
| Title | Drawing and reinventing landscape |
| 260 ## - PUBLICATION, DISTRIBUTION, ETC. (IMPRINT) | |
| Name of publisher, distributor, etc | John Willey and Sons Inc. |
| 260 ## - PUBLICATION, DISTRIBUTION, ETC. (IMPRINT) | |
| Date of publication, distribution, etc | 2014 |
| 300 ## - PHYSICAL DESCRIPTION | |
| Extent | 199 |
| 942 ## - ADDED ENTRY ELEMENTS (KOHA) | |
| Source of classification or shelving scheme | |
| Withdrawn status | Lost status | Damaged status | Koha normalized classification for sorting | Not for loan | Permanent location | Current location | Date acquired | Cost, normal purchase price | Total Checkouts | Full call number | Barcode | Date last seen | Date last borrowed | Price effective from | Koha item type | Source of classification or shelving scheme | Shelving location |
|---|---|---|---|---|---|---|---|---|---|---|---|---|---|---|---|---|---|
| 712_000000000000000 | BMS College of Architecture, Design and Planning | BMS College of Architecture, Design and Planning | 2020-03-03 | 3019.50 | 1 | 712 | AR-UG656 | 2024-07-09 | 2024-06-12 | 2020-03-03 | UG Books | ||||||
| BMS College of Architecture, Design and Planning | BMS College of Architecture, Design and Planning | 2020-03-09 | AR-UG1634 | 2020-03-09 | 2020-03-09 | UG Books | Book Cart |